000 00950nam a22003137a 4500
003 CHAP
005 20220329143615.0
008 100906s19? mx a r 00010 spa d
010 _a99200
011 _a100172
035 _a110858
040 _cCHAP
090 _aFolleto 17762
110 0 _aINSTA - REX
_958970
245 1 0 _aRiego por goteo
_c/por INSTA - REX
260 _aMéxico, D. F. :
_bINSTA - REX,
_c19?
300 _a8 p.
_bilus.
590 _aBATCH-UPD
_b10
_c20130110
_lUCH01
_h0852
590 _aBATCH-UPD
_b10
_c20130410
_lUCH01
_h0524
590 _aBATCH-UPD
_b10
_c20130914
_lUCH01
_h1656
590 _aCONVERSION
_b10
_c20130109
_lUCH01
_h1355
650 1 4 _aIrrigación
_xAspectos económicos.
_960373
650 1 4 _aIrrigación
_xHistoria.
_960416
650 1 4 _aRiego por goteo.
_997380
650 1 4 _aSistemas de riego.
_9106772
901 _aBK
942 _cFOLL
949 _aFolleto 17762
_bBC
_cFOLL
_d33724002125801
_eTS1
_i110858
_sb
999 _c99200
_d99200